000 00728nam a22002057a 4500
003 OSt
005 20260223065512.0
008 260223b |||||||| |||| 00| 0 eng d
020 _a9781412936415
040 _aDWCL-Main Lib
_cOC
082 _aProf. 372.41 C264 2007
100 _aCarbo, Marie
245 _aBecoming a great teacher of reading : achieving high rapid rending gains with powerful, differentiated strategies
260 _aCalifornia :
_bCorwin Press,
_cc2007
300 _ax, 232 pages :
_billustrations ;
_c25 cm.
504 _aIncludes bibliographical references and index.
650 _aReading - Remedial teaching - United States.
650 _aReading - United States.
942 _2ddc
_cPROF.
_mProf.
_n0
999 _c8493
_d8493